| 000 | 00950cam a2200313 i 4500 | ||
|---|---|---|---|
| 001 | 18949877 | ||
| 003 | OSt | ||
| 005 | 20250130155403.0 | ||
| 008 | 160128s2015 ke a 000 0beng | ||
| 010 | _a 2015333075 | ||
| 020 | _a9789966478764 | ||
| 040 |
_aDLC _beng _cDLC _erda |
||
| 042 |
_alcode _apcc |
||
| 043 | _af-ke--- | ||
| 050 | 0 | 0 |
_aGV939.K24 _bN46 2015 |
| 082 |
_a796.334 _bNEN |
||
| 100 | 1 | _aNene, John. | |
| 245 | 1 | 0 |
_aJoe Kadenge : _bthe life of a football legend : a biography / _cby John Nene. |
| 264 | 1 |
_aNairobi : _bPhoenix Publishers Ltd., _c2015. |
|
| 300 |
_axiv, 300 pages : _billustrations ; _c21 cm |
||
| 336 |
_atext _2rdacontent |
||
| 337 |
_aunmediated _2rdamedia |
||
| 338 |
_avolume _2rdacarrier |
||
| 600 | 1 | 0 |
_aKadenge, Joe, _d1935- |
| 650 | 0 |
_aFootball players _zKenya _vBiography. |
|
| 906 |
_a7 _bcbc _corigode _d3 _encip _f20 _gy-gencatlg |
||
| 942 |
_2ddc _cBK |
||
| 999 |
_c4068 _d4068 |
||